000 00964nam a22002057a 4500
003 AM-YeHGA
040 _aAM-YeHGA
090 _c431286
005 20250617155223.0
008 190329s ||||| |||| 00| 0 rus d
041 1 _arus
_heng
100 1 _aУиппл, Гай Монтроз
245 1 0 _aРуководство к исследованию физической и психической деятельности детей школьного возраста /
_cГ.М. Уиппл; Пер. с англ. М.В. Райх; Под ред. [и с предисл.] Н.Д. Виноградова.
260 _aМосква :
_bМир,
_c1913.
300 _aXX, 594 с. :
_bил.
653 0 _aДети школьного возраста - Физическая и психическая деятельность
700 1 _aРайх, М.В.
_eпер.
_4trl
700 1 _aВиноградов, Н.Д.
_eред.
_4edt
942 _2udc
_cBK
999 _c428752
_d428752